All the sonnets of Shakespeare (Record no. 4737)

MARC details
000 -CABECERA
campo de control de longitud fija 02205nam a2200349 i 4500
001 - NÚMERO DE CONTROL
campo de control on1151892508
003 - IDENTIFICADOR DEL NÚMERO DE CONTROL
campo de control OCoLC
005 - FECHA Y HORA DE LA ÚLTIMA TRANSACCIÓN
campo de control 20250616110343.0
008 - DATOS DE LONGITUD FIJA--INFORMACIÓN GENERAL
campo de control de longitud fija 200609t20202020enk b 001 p eng
010 ## - NÚMERO DE CONTROL DE LA BIBLIOTECA DEL CONGRESO
Número de control de LC 2020026294
015 ## - NÚMERO DE BIBLIOGRAFÍA NACIONAL
Número de bibliografía nacional GBC0D8027
Fuente bnb
016 7# - NÚMERO DE CONTROL DE UNA AGENCIA BIBLIOGRÁFICA NACIONAL
Número de control del registro 019937140
Fuente Uk
020 ## - NÚMERO INTERNACIONAL ESTÁNDAR DEL LIBRO
Número Internacional Estándar del Libro 9781108490399
Información calificativa hardback
035 ## - NÚMERO DE CONTROL DEL SISTEMA
Número de control de sistema (OCoLC)1151892508
Número de control cancelado/no válido (OCoLC)1199340104
040 ## - FUENTE DE LA CATALOGACIÓN
Centro catalogador/agencia de origen ICU/DLC
Lengua de catalogación eng
Normas de descripción rda
Centro/agencia transcriptor DLC
Centro/agencia modificador YDX
-- ERASA
-- OCLCO
-- BDX
-- OCLCF
-- UKMGB
-- YDX
-- QGK
-- EAU
-- UOH
041 ## - CÓDIGO DE LENGUA
Código de lengua del texto/banda sonora o título independiente eng
042 ## - CÓDIGO DE AUTENTICACIÓN
Código de autenticación pcc
050 00 - SIGNATURA TOPOGRÁFICA DE LA BIBLIOTECA DEL CONGRESO
Número de clasificación PR2848.A2
Número de documento/Ítem E36 2020
100 ## - ENTRADA PRINCIPAL--NOMBRE DE PERSONA
Nombre de persona Shakespeare, William
Fechas asociadas al nombre 1564-1616
Término indicativo de función/relación author.
9 (RLIN) 22390
240 10 - TÍTULO UNIFORME
Título uniforme Sonnets.
245 10 - MENCIÓN DE TÍTULO
Título All the sonnets of Shakespeare
Mención de responsabilidad, etc. / edited by Paul Edmondson, The Shakespeare Birthplace Trust, Stanley Wells, The Shakespeare Birthplace Trust.
264 #1 - PRODUCCIÓN, PUBLICACIÓN, DISTRIBUCIÓN, FABRICACIÓN Y COPYRIGHT
Producción, publicación, distribución, fabricación y copyright Cambridge, UK ;
-- New York, NY :
Nombre del de productor, editor, distribuidor, fabricante Cambridge University Press,
Fecha de producción, publicación, distribución, fabricación o copyright 2020.
300 ## - DESCRIPCIÓN FÍSICA
Extensión vii, 299 pages ;
Dimensiones 22 cm.
504 ## - NOTA DE BIBLIOGRAFÍA, ETC.
Nota de bibliografía, etc. Includes bibliographical references and indexes.
520 ## - SUMARIO, ETC.
Sumario, etc. How can we look afresh at Shakespeare as a writer of sonnets? What new light might they shed on his career, personality, and sexuality? Shakespeare wrote sonnets for at least thirty years, not only for himself, for professional reasons, and for those he loved, but also in his plays, as prologues, as epilogues, and as part of their poetic texture. This ground-breaking book assembles all of Shakespeare's sonnets in their probable order of composition. An inspiring introduction debunks long-established biographical myths about Shakespeare's sonnets and proposes new insights about how and why he wrote them. Explanatory notes and modern English paraphrases of every poem and dramatic extract illuminate the meaning of these sometimes challenging but always deeply rewarding witnesses to Shakespeare's inner life and professional expertise. Beautifully printed and elegantly presented, this volume will be treasured by students, scholars, and every Shakespeare enthusiast.
Fuente proveedora Provided by publisher.
650 #0 - PUNTO DE ACCESO ADICIONAL DE MATERIA--TÉRMINO DE MATERIA
Término de materia o nombre geográfico como elemento de entrada Sonnets, English.
9 (RLIN) 25429
655 #0 - TÉRMINO DE INDIZACIÓN--GÉNERO/FORMA
Datos o término principal de género/forma Poetry
9 (RLIN) 23162
655 #0 - TÉRMINO DE INDIZACIÓN--GÉNERO/FORMA
Datos o término principal de género/forma Sonnets.
9 (RLIN) 25430
700 ## - ENTRADA AGREGADA--NOMBRE PERSONAL
Nombre de persona Edmondson, Paul,
Término indicativo de función/relación editor.
9 (RLIN) 25431
700 ## - ENTRADA AGREGADA--NOMBRE PERSONAL
Nombre de persona Wells, Stanley
Fechas asociadas al nombre 1930-
Término indicativo de función/relación editor.
942 ## - ELEMENTOS DE ENTRADA AGREGADA (KOHA)
Fuente del sistema de clasificación o colocación Clasificación de Library of Congress
Holdings
Estado de retiro Estado de pérdida Fuente del sistema de clasificación o colocación Estado dañado No para préstamo Biblioteca de origen Biblioteca actual Fecha de adquisición Total de préstamos Signatura topográfica completa Código de barras Fecha visto por última vez Número de copia Precio válido a partir de Tipo de ítem Koha
    Clasificación de Library of Congress     TBS Barcelona TBS Barcelona 13/06/2025   PO-EN SHA B07555 13/06/2025 1 13/06/2025 Book

Powered by Koha